Welcome to CU Library Online Public Access Catalogue (OPAC)

Essentials for Hospital Support Services and Physical Infrastructure/ (Record no. 2976)

MARC details
000 -LEADER
fixed length control field 00477nam a22001577a 4500
005 - DATE AND TIME OF LATEST TRANSACTION
control field 20250124104916.0
008 - FIXED-LENGTH DATA ELEMENTS--GENERAL INFORMATION
fixed length control field 250124b |||||||| |||| 00| 0 eng d
020 ## - INTERNATIONAL STANDARD BOOK NUMBER
International Standard Book Number 8180610780
050 ## - LIBRARY OF CONGRESS CALL NUMBER
Classification number RA971 SHA
100 ## - MAIN ENTRY--PERSONAL NAME
Personal name Sharma, Madhuri
245 ## - TITLE STATEMENT
Title Essentials for Hospital Support Services and Physical Infrastructure/
Statement of responsibility, etc. Madhuri Sharma
250 ## - EDITION STATEMENT
Edition statement 1st ed.
260 ## - PUBLICATION, DISTRIBUTION, ETC.
Place of publication, distribution, etc. New Delhi
Name of publisher, distributor, etc. Jaypee Brothers Medical Publishers
Date of publication, distribution, etc. 2003
300 ## - PHYSICAL DESCRIPTION
Extent viii. 163p.
Dimensions 21.5cm
942 ## - ADDED ENTRY ELEMENTS (KOHA)
Source of classification or shelving scheme Library of Congress Classification
Koha item type Books
Suppress in OPAC No
999 ## -
-- 2976
-- 2976
Holdings
Withdrawn status Lost status Source of classification or shelving scheme Damaged status Not for loan Collection Home library Current library Shelving location Date acquired Total checkouts Full call number Barcode Date last seen Copy number Price effective from Koha item type
    Library of Congress Classification     Non-fiction Science Library (Miotso) Science Library (Miotso) General stacks 01/24/2025   RA971 SHA SLM00002354 01/24/2025 1 01/24/2025 Books
    Library of Congress Classification     Non-fiction Science Library (Miotso) Science Library (Miotso) General stacks 01/24/2025   RA971 SHA SLM00002355 01/24/2025 2 01/24/2025 Books
    Library of Congress Classification     Non-fiction Science Library (Miotso) Science Library (Miotso) General stacks 01/24/2025   RA971 SHA SLM00002356 01/24/2025 3 01/24/2025 Books
    Library of Congress Classification     Non-fiction Science Library (Miotso) Science Library (Miotso) General stacks 01/24/2025   RA971 SHA SLM00002357 01/24/2025 4 01/24/2025 Books
© 2023-2024 Copyright: Central University Libraries. All Rights Reserved | Created by: Mahone Tech Office